00428 2200169 4500001002100000005001500021035002000036008004100056245001800097100002200115260003700137300001200174084001700186082001100203650002000214990002400234INLIS00000000000013720240123024145 a0010-0823000137240123 0 ind 1 aArbain Nawawi aAl Imam An Nawawi aSurabaya :bBungkul Indah,c1986 a77 hlm. a2x2. 2 MUS a a2x2. 2 4aKumpulan Hadist a0583/STITINKA/01/23